Environmental Aspects and Perception of AIRBNB Providers and Customers

Trvalá udržateľnosť a trvalo udržateľný životný štýl nie sú výsadou úzkej skupiny ľudí, ale postupne sa začínajú týkať nás všetkých. Rovnako ako zdieľaná ekonomika, ktorá sa snaží maximalizovať využitie už existujúcich zdrojov. Existujúci výskum je nekonzistentný a zatiaľ čo jedna skupina autorov zd...

Ausführliche Beschreibung

Gespeichert in:
Bibliographische Detailangaben
1. Verfasser: Kóňa, Jakub, 1995-
Weitere Verfasser: Zemanová, Lenka, 1995-
Format: Buchkapitel
Sprache:Englisch
Schlagworte:
Tags: Tag hinzufügen
Keine Tags, Fügen Sie das erste Tag hinzu!

MARC

LEADER 00000naa$a2200000$$$4500
001 0289438
005 20240502083927.7
041 0 |a eng 
044 |a CZ 
245 1 0 |a Environmental Aspects and Perception of AIRBNB Providers and Customers  |c Jakub Kóňa, Lenka Zemanová 
520 |a Trvalá udržateľnosť a trvalo udržateľný životný štýl nie sú výsadou úzkej skupiny ľudí, ale postupne sa začínajú týkať nás všetkých. Rovnako ako zdieľaná ekonomika, ktorá sa snaží maximalizovať využitie už existujúcich zdrojov. Existujúci výskum je nekonzistentný a zatiaľ čo jedna skupina autorov zdôrazňuje udržateľnosť ekonomiky zdieľania, druhá poukazuje na nedostatok výskumu v tejto problematike. V článku skúmame názory miestnych na udržateľnosť zdieľaného ubytovania cez Airbnb a snažíme sa tak zvýšiť mieru výskumných dát v rámci udržateľného bývania pre výskumníkov aj verejnosť. Na zber údajov sme použili dotazníkový prieskum, ktorého sa zúčastnilo 546 respondentov a na analýzu získaných údajov sme použili výberovú štatistiku od, jednovýberový t-test a dvojvýberový t-test. 
610 2 0 |a ruch cestovný 
610 2 0 |a ekonomika zdieľaná 
610 2 0 |a marketing environmentálny 
610 2 0 |a ubytovanie 
610 2 0 |a obchod elektronický 
100 1 |a Kóňa, Jakub, 1995- 
700 1 |a Zemanová, Lenka, 1995-